Представление документа в формате MARC21

Поле Инд. ПП Название Значение
Тип записи a
Библиографический уровень b
001 Контрольный номер RU/IS/BASE/257521539
005 Дата корректировки 20200522191213.9
008 Кодируемые данные 20080228
040 b Код языка каталог. rus
e Правила каталог. PSBO
041 0_ a Код языка текста rus
084 a Индекс другой классификации/Индекс ББК 83.3(2=411.2)6; 85.374.3(2=411.2)6
100 1_ a Автор Тортунова И. А.
245 10 a Заглавие Трагический герой в киноповести В. М. Шукшина "Калина красная" и киноромане "Я пришел дать вам волю"
504 a Библиография Библиогр. - Примеч.: с. 119
600 14 a Персоналии Шукшин Василий Макарович
650 04 a Основная рубрика искусство
a Основная рубрика история киноискусства
a Основная рубрика история литературы
a Основная рубрика киноискусство
a Основная рубрика литературоведение
a Основная рубрика филологические науки
653 0_ a Ключевые слова "Калина красная" (кинофильм)
a Ключевые слова "Я пришел дать вам волю"
a Ключевые слова XX век
a Ключевые слова главный герой
a Ключевые слова Егор Прокудин
a Ключевые слова литературный герой
a Ключевые слова повести
a Ключевые слова проза
a Ключевые слова Россия
a Ключевые слова трагизм
773 0_ t Заглавие источника Вестник Московского университета. Серия 9, Филология
d Дата издания источника 2007
g Прочая информация № 3. - С. 113 - 119
w Контрольный № источника RU/IS/BASE/238074426
901 t Тип документа b